00313nam a2200121Ia 4500008004100000082001800041100001800059245003700077250000800114260004200122300001000164650001700174150201s2010 xx 000 0 und d a617.6bL2010L aLINKOW,LERARD aTHE LEGENDS OF IMPLANT DENTISTRY a1ST bJAYPEE MEDICAL PUBLISHERaDELHIc2010 a1-320 aIMPLANTOLOGY